The Role of the refugees in the actual Guatemalan peace process /

sin resumen

Spremljeno u:
Bibliografski detalji
Glavni autor: Ochoa García, Carlos
Daljnji autori: Holmes, Nat
Format: Tekst
Oznake: Dodaj oznaku
Bez oznaka, Budi prvi tko označuje ovaj zapis!

MARC

LEADER 00000 a a2200000 04500
001 7659
003
040
100 |a Ochoa García, Carlos  
245 |a The Role of the refugees in the actual Guatemalan peace process /  |c Carlos Ochoa García ; Nat Holmes 
520 |a sin resumen  
700 |a Holmes, Nat  
773 |g volumen 3, número 6; páginas 59-69  
999 |c 37418  |d 37418